Les enfants victimes de mauvais traitements: colloque des 6 et 7 mars 1970 à Charleroi
| Autor Corporativo: | |
|---|---|
| Tipo de documento: | Print Libro |
| Lenguaje: | Francés |
| Publicado: |
Bruxelles
CEDJ
1971
|
| En: |
Publication (28)
Año: 1971 |
| Disponibilidad en Tübingen: | Disponible en Tübingen. IFK: B XVI 9 UB: KB 2 A 14 |
| Verificar disponibilidad: | HBZ Gateway |
| Servicio de pedido Subito: | Pedir ahora. |
| Palabras clave: |
MARC
| LEADER | 00000cam a22000002c 4500 | ||
|---|---|---|---|
| 001 | 1095444514 | ||
| 003 | DE-627 | ||
| 005 | 20221106202808.0 | ||
| 007 | tu | ||
| 008 | 910828s1971 be ||||| 00| ||fre c | ||
| 035 | |a (DE-627)1095444514 | ||
| 035 | |a (DE-576)025444514 | ||
| 035 | |a (DE-599)BSZ025444514 | ||
| 035 | |a (OCoLC)258100926 | ||
| 035 | |a (OCoLC)28084260 | ||
| 035 | |a (DE-604)803014440x | ||
| 040 | |a DE-627 |b ger |c DE-627 |e rakwb | ||
| 041 | |a fre | ||
| 044 | |c XA-BE | ||
| 245 | 0 | 4 | |a Les enfants victimes de mauvais traitements |b colloque des 6 et 7 mars 1970 à Charleroi |
| 264 | 1 | |a Bruxelles |b CEDJ |c 1971 | |
| 300 | |a 142 S. | ||
| 336 | |a Text |b txt |2 rdacontent | ||
| 337 | |a ohne Hilfsmittel zu benutzen |b n |2 rdamedia | ||
| 338 | |a Band |b nc |2 rdacarrier | ||
| 490 | 1 | |a Publications / Centre d'Étude de la Délinquance Juvénile |v 28 | |
| 583 | 1 | |a Archivierung prüfen |c 20200919 |f DE-640 |z 3 |2 pdager | |
| 655 | 7 | |a Konferenzschrift |0 (DE-588)1071861417 |0 (DE-627)826484824 |0 (DE-576)433375485 |2 gnd-content | |
| 689 | 0 | 0 | |d s |0 (DE-588)4030650-1 |0 (DE-627)104254092 |0 (DE-576)208988483 |a Kindesmisshandlung |2 gnd |
| 689 | 0 | |5 (DE-627) | |
| 710 | 2 | |a Centre d'Étude de la Délinquance Juvénile |g Brüssel |0 (DE-588)1033719-2 |0 (DE-627)103806210 |0 (DE-576)191344605 |4 oth | |
| 810 | 2 | |a Centre d'Étude de la Délinquance Juvénile |g Brüssel |t Publication |v 28 |9 28 |w (DE-627)271349689 |w (DE-576)001785397 |w (DE-600)1479851-7 |7 am | |
| 889 | |w (DE-627)226228851 | ||
| 935 | |i mdedup | ||
| 951 | |a BO | ||
| ELC | |b 1 | ||
| LOK | |0 000 xxxxxcx a22 zn 4500 | ||
| LOK | |0 001 2170802703 | ||
| LOK | |0 003 DE-627 | ||
| LOK | |0 004 1095444514 | ||
| LOK | |0 005 20010913000000 | ||
| LOK | |0 008 910828||||||||||||||||ger||||||| | ||
| LOK | |0 040 |a DE-21 |c DE-627 |d DE-21 | ||
| LOK | |0 852 |a DE-21 | ||
| LOK | |0 852 1 |c KB 2 A 14 |9 00 | ||
| LOK | |0 935 |a krim | ||
| LOK | |0 936ln |a k10.10.1 | ||
| LOK | |0 939 |a 28-08-91 |b l01 | ||
| LOK | |0 000 xxxxxcx a22 zn 4500 | ||
| LOK | |0 001 2170802711 | ||
| LOK | |0 003 DE-627 | ||
| LOK | |0 004 1095444514 | ||
| LOK | |0 005 20020607000000 | ||
| LOK | |0 008 930331||||||||||||||||ger||||||| | ||
| LOK | |0 040 |a DE-21-110 |c DE-627 |d DE-21-110 | ||
| LOK | |0 852 |a DE-21-110 | ||
| LOK | |0 852 1 |c B XVI 9 |m p |9 00 | ||
| LOK | |0 935 |a k110 | ||
| LOK | |0 936ln |a 8.9. | ||
| LOK | |0 938 |k p | ||
| LOK | |0 939 |a 31-03-93 |b l01 | ||
| ORI | |a SA-MARC-krimdoka001.raw | ||
| SIG | |a IFK: B XVI 9 | ||
| SIG | |a UB: KB 2 A 14 | ||
